000 00884nam a2200265 i 4500
001 110667
003 ES-MaACL
005 20250727021738.0
007 t|
008 070117s1954 sp abp |||| | spa d
080 _a395(100)
245 0 1 _a"Savoir vivre" internacional
_b: forma de comportarse en todos los paises /
_cPierre Daninos, Doré Ogrizek ; ilustraciones de Ben ... [et al.].
246 3 4 _aSaber vivir internacional
260 _aMadrid :
_bCastilla,
_c1954.
300 _a510 p. :
_bil. col., mapas ;
_c18 cm.
490 1 _aEl mundo en color ;
_v8
650 7 _aAntropología cultural y social
_2embne
_99867
650 _aEtiqueta.
_912596
700 1 _aDaninos, Pierre.
_942642
700 1 _aOgrizek, Doré.
_986581
700 1 _aBen.
_927401
830 0 _aEl mundo en color ;
_v8
_9185631
852 _aES-MaACL
_jE-3759
999 _c110667
_d110667